2020 World Politics - Statistics

General Stats
  • This quiz has been taken 521 times
  • The average score is 6 of 9
Answer Stats
Hint Answer % Correct
Disease caused by a coronavirus that spread across the world COVID-19
93%
Chinese city that was the place of origin for said virus Wuhan
93%
Country that was ravaged by bushfires Australia
92%
Democratic candidate for POTUS Joe Biden
90%
Nationality of a general assassinated by the US Iranian
75%
Leader who disappeared from public eye for 20 days Kim Jong-un
51%
New leader of the British Labour Party Keir Starmer
46%
International football/soccer competition that was postponed to 2021 Euro 2020
36%
75th Anniversary of what WWII celebration VE Day
28%
No matching quizzes found
Score Distribution
Percent of People with Each Score
Percentile by Number Answered
Your Score History
You have not taken this quiz